[Event "Nova Gorica op-A 19th"]
[Site "Nova Gorica"]
[Date "2014.02.02"]
[Round "4"]
[White "Znidaric, Anze"]
[Black "Mikolic, Martin"]
[Result "1/2-1/2"]
[WhiteElo "1947"]
[BlackElo "1774"]
[PlyCount "41"]
[EventDate "2014.01.31"]
[EventType "swiss"]
[EventRounds "9"]
[EventCountry "SLO"]
[SourceTitle "CBM 158 Extra"]
[Source "ChessBase"]
[SourceDate "2014.02.28"]
[SourceVersion "1"]
[SourceVersionDate "2014.02.28"]
[SourceQuality "1"]

1. d4 f5 2. c4 Nf6 3. g3 g6 4. Bg2 Bg7 5. Nd2 d6 6. Ngf3 0-0 7. 0-0 Nbd7 8. b4 e5 9. dxe5 Nxe5 10. Nxe5 dxe5 11. Bb2 Qe7 12. Qb3 Kh8 13. e4 f4 14. gxf4 exf4 15. Rfe1 Be6 16. b5 Ng4 17. Bxg7+ Kxg7 18. Qc3+ Kg8 19. h3 Nh6 20. Rad1 g5 21. f3 1/2-1/2

[Event "Nova Gorica op-A 19th"]
[Site "Nova Gorica"]
[Date "2014.01.31"]
[Round "1"]
[White "Mikolic, Martin"]
[Black "Kokol, Peter"]
[Result "0-1"]
[WhiteElo "1774"]
[BlackElo "2271"]
[PlyCount "44"]
[EventDate "2014.01.31"]
[EventType "swiss"]
[EventRounds "9"]
[EventCountry "SLO"]
[SourceTitle "CBM 158 Extra"]
[Source "ChessBase"]
[SourceDate "2014.02.28"]
[SourceVersion "1"]
[SourceVersionDate "2014.02.28"]
[SourceQuality "1"]

1. e4 c5 2. c3 d6 3. d4 Nf6 4. Bd3 g6 5. Be3 Qc7 6. Nd2 Bg7 7. h3 0-0 8. Ngf3 Nbd7 9. 0-0 b6 10. Rc1 e5 11. d5 Nh5 12. Nh2 Nf4 13. Bxf4 exf4 14. Ndf3 h6 15. Qd2 g5 16. Bb1 Ba6 17. Rfe1 Rae8 18. g3 fxg3 19. fxg3 Ne5 20. Red1 Qd7 21. Kg2 Nc4 22. Qf2 f5 0-1

[Event "SLO-ch U18"]
[Site "Murska Sobota"]
[Date "2013.02.26"]
[Round "4"]
[White "Mikolic, Martin"]
[Black "Hiti, Domen"]
[Result "0-1"]
[WhiteElo "1776"]
[BlackElo "2120"]
[PlyCount "60"]
[EventDate "2013.02.23"]
[EventType "swiss"]
[EventRounds "7"]
[EventCountry "SLO"]
[SourceTitle "EXT 2022"]
[Source "ChessBase"]
[SourceDate "2021.10.06"]
[SourceVersion "1"]
[SourceVersionDate "2021.10.06"]
[SourceQuality "1"]

1. e4 c6 2. d4 g6 3. Be3 Bg7 4. Nf3 d5 5. e5 Bg4 6. h3 Bxf3 7. Qxf3 e6 8. Nd2 c5 9. Bb5+ Nc6 10. c3 Qb6 11. Ba4 cxd4 12. cxd4 Nge7 13. 0-0 0-0 14. Bxc6 Nxc6 15. Nb3 Rac8 16. Rfd1 Rc7 17. Bd2 Rfc8 18. Bc3 Bf8 19. Qe3 Nb4 20. Bxb4 Qxb4 21. Rac1 Rc4 22. Rxc4 dxc4 23. Nc5 Qxb2 24. Ne4 c3 25. Nd6 c2 26. Rc1 Bxd6 27. exd6 Qxa2 28. d7 Rd8 29. Qc3 Qd5 30. Rxc2 Qxd7 0-1

[Event "SLO-ch U18"]
[Site "Murska Sobota"]
[Date "2013.02.25"]
[Round "3"]
[White "Mikolic, Martin"]
[Black "Nikl Hutinski, Emanuel"]
[Result "1/2-1/2"]
[WhiteElo "1776"]
[BlackElo "1567"]
[PlyCount "25"]
[EventDate "2013.02.23"]
[EventType "swiss"]
[EventRounds "7"]
[EventCountry "SLO"]
[SourceTitle "EXT 2022"]
[Source "ChessBase"]
[SourceDate "2021.10.06"]
[SourceVersion "1"]
[SourceVersionDate "2021.10.06"]
[SourceQuality "1"]

1. e4 d5 2. exd5 Qxd5 3. Nf3 Bg4 4. Be2 Nf6 5. h3 Bxf3 6. Bxf3 Qe5+ 7. Qe2 Qxe2+ 8. Kxe2 c6 9. d4 Nbd7 10. Nd2 Nb6 11. c3 e6 12. Ne4 Be7 13. Re1 1/2-1/2

[Event "Wch U16"]
[Site "Maribor"]
[Date "2012.11.18"]
[Round "11.49"]
[White "Vos, Tjark"]
[Black "Mikolic, Martin"]
[Result "1/2-1/2"]
[WhiteElo "2012"]
[BlackElo "1771"]
[PlyCount "92"]
[EventDate "2012.11.08"]
[EventType "swiss"]
[EventRounds "11"]
[EventCountry "SLO"]
[SourceTitle "EXT 2013"]
[Source "ChessBase"]
[SourceDate "2012.11.22"]
[SourceVersion "1"]
[SourceVersionDate "2012.11.22"]
[SourceQuality "1"]

1. e4 d5 2. exd5 Nf6 3. d4 Bg4 4. f3 Bf5 5. c4 e6 6. dxe6 Nc6 7. Be3 Bb4+ 8. Kf2 0-0 9. a3 Bc5 10. Ne2 fxe6 11. h3 e5 12. d5 Bxe3+ 13. Kxe3 Qe7 14. Kf2 Rad8 15. b4 e4 16. f4 e3+ 17. Kg1 Ne4 18. Qb3 Qf6 19. Ra2 Nd4 20. Qxe3 Nxe2+ 21. Rxe2 Rde8 22. Nd2 Nc3 23. Qxe8 Rxe8 24. Rxe8+ Kf7 25. Re5 Bc2 26. g3 g5 27. Rh2 gxf4 28. gxf4 Nd1 29. Nf3 Qxf4 30. Ng5+ Kf6 31. Re6+ Kxg5 32. Rg2+ Kf5 33. Rxc2 Qd4+ 34. Kh1 Ne3 35. Rf2+ Kg5 36. Re7 Qh4 37. Rg7+ Kh6 38. Rff7 Qe4+ 39. Bg2 Nxg2 40. Rxh7+ Kg6 41. Rhg7+ Kh6 42. Rxg2 Qe1+ 43. Kh2 Qe5+ 44. Kg1 Qd4+ 45. Rgf2 Qxc4 46. d6 Qc1+ 1/2-1/2

[Event "Wch U16"]
[Site "Maribor"]
[Date "2012.11.15"]
[Round "8.54"]
[White "Mikolic, Martin"]
[Black "Marutkins, Olegs"]
[Result "0-1"]
[WhiteElo "1771"]
[BlackElo "2095"]
[PlyCount "62"]
[EventDate "2012.11.08"]
[EventType "swiss"]
[EventRounds "11"]
[EventCountry "SLO"]
[SourceTitle "EXT 2013"]
[Source "ChessBase"]
[SourceDate "2012.11.22"]
[SourceVersion "1"]
[SourceVersionDate "2012.11.22"]
[SourceQuality "1"]

1. e4 c5 2. c3 g6 3. d4 cxd4 4. cxd4 Bg7 5. Nc3 d6 6. Be3 Nf6 7. Be2 Qa5 8. Qd2 Nc6 9. h3 0-0 10. Nf3 Bd7 11. 0-0 Rfc8 12. Rfc1 a6 13. a4 Qb4 14. Ne1 Na5 15. Nd3 Qb6 16. d5 Qd8 17. Qd1 Be8 18. Bd4 Rc4 19. Nf4 Rxd4 20. Qxd4 Nb3 21. Qb4 Nxa1 22. Rxa1 Qc7 23. Rc1 Nd7 24. Nd3 Qb6 25. Qc4 Ne5 26. Nxe5 Bxe5 27. b3 Bd7 28. Bd1 Rc8 29. Qd3 Qb4 30. Na2 Qe1+ 31. Qf1 Bh2+ 0-1

[Event "Wch U16"]
[Site "Maribor"]
[Date "2012.11.14"]
[Round "7.57"]
[White "Thorpe, Thomas"]
[Black "Mikolic, Martin"]
[Result "1/2-1/2"]
[WhiteElo "1853"]
[BlackElo "1771"]
[PlyCount "46"]
[EventDate "2012.11.08"]
[EventType "swiss"]
[EventRounds "11"]
[EventCountry "SLO"]
[SourceTitle "EXT 2013"]
[Source "ChessBase"]
[SourceDate "2012.11.22"]
[SourceVersion "1"]
[SourceVersionDate "2012.11.22"]
[SourceQuality "1"]

1. e4 d5 2. exd5 Nf6 3. Bb5+ Nbd7 4. c4 a6 5. Bxd7+ Bxd7 6. Nf3 e6 7. dxe6 Bxe6 8. d3 Bf5 9. d4 Bb4+ 10. Bd2 Qe7+ 11. Qe2 Bd3 12. Qxe7+ Bxe7 13. Ne5 Bxb1 14. Rxb1 0-0 15. 0-0 Rad8 16. Be3 Ne4 17. Rbd1 f5 18. f3 f4 19. Bf2 Nxf2 20. Rxf2 c5 21. d5 Bf6 22. Re2 Rfe8 23. Rde1 Bh4 1/2-1/2

[Event "SLO-ch U16"]
[Site "Debeli Rtic"]
[Date "2012.02.19"]
[Round "2"]
[White "Bratkovic, Sham"]
[Black "Mikolic, Martin"]
[Result "1/2-1/2"]
[WhiteElo "1888"]
[BlackElo "1739"]
[PlyCount "88"]
[EventDate "2012.02.18"]
[EventType "swiss"]
[EventRounds "9"]
[EventCountry "SLO"]
[SourceTitle "EXT 2022"]
[Source "ChessBase"]
[SourceDate "2021.10.06"]
[SourceVersion "1"]
[SourceVersionDate "2021.10.06"]
[SourceQuality "1"]

1. e4 e5 2. Nf3 Nc6 3. Bb5 Nge7 4. Nc3 g6 5. d4 exd4 6. Nd5 Nxd5 7. exd5 Qe7+ 8. Kf1 Ne5 9. Bf4 Bg7 10. Qxd4 f6 11. Re1 0-0 12. Nxe5 fxe5 13. Bxe5 Bxe5 14. Qxe5 Qc5 15. Qe2 d6 16. Bd3 Bd7 17. Qe3 Qxd5 18. b3 Qf7 19. h4 Bf5 20. Bxf5 Qxf5 21. h5 Rae8 22. Qd2 g5 23. h6 Rxe1+ 24. Kxe1 Qe5+ 25. Kf1 Re8 26. g3 Kf7 27. Rh5 Kg6 28. g4 d5 29. Rh3 d4 30. Rd3 Qe4 31. f3 Rf8 32. Kg2 Qf4 33. Qb4 Re8 34. Qxb7 Re2+ 35. Kf1 Rxc2 36. Qe4+ Qxe4 37. fxe4 c5 38. b4 Rc3 39. Rd2 cxb4 40. Rxd4 b3 41. axb3 Rxb3 42. Rd6+ Kf7 43. Rd7+ Kg6 44. Rd6+ Kf7 1/2-1/2

[Event "Nova Gorica op-A 17th"]
[Site "Nova Gorica"]
[Date "2012.01.28"]
[Round "2"]
[White "Mikolic, Martin"]
[Black "Kralj, Samo"]
[Result "0-1"]
[WhiteElo "1739"]
[BlackElo "1958"]
[PlyCount "76"]
[EventDate "2012.01.27"]
[EventType "swiss"]
[EventRounds "9"]
[EventCountry "SLO"]
[SourceTitle "CBM 146 Extra"]
[Source "ChessBase"]
[SourceDate "2012.02.29"]
[SourceVersion "1"]
[SourceVersionDate "2012.02.29"]
[SourceQuality "1"]

1. e4 c5 2. c3 d5 3. exd5 Qxd5 4. d4 Nc6 5. Nf3 Bg4 6. Be2 e6 7. Be3 cxd4 8. Bxd4 Rd8 9. 0-0 Nf6 10. Nbd2 Be7 11. Nb3 Qh5 12. Qe1 Bd6 13. Nbd2 e5 14. Bb5 0-0 15. Bxc6 bxc6 16. Bxe5 Bxe5 17. Nxe5 Rxd2 18. Qxd2 Qxe5 19. Rfe1 Qc5 20. Qf4 Be6 21. Re5 Qb6 22. b4 Qc7 23. Qg3 Rd8 24. a4 Rd2 25. Rae1 Qd6 26. Ra5 Qxg3 27. hxg3 Rc2 28. Rxa7 g6 29. a5 Rxc3 30. Ra1 Bc4 31. Rc7 Bb5 32. a6 Bxa6 33. Rxa6 Rc1+ 34. Kh2 Ng4+ 35. Kh3 Nxf2+ 36. Kh4 h6 37. g4 Ne4 38. g5 h5 0-1

[Event "Nova Gorica op-A 17th"]
[Site "Nova Gorica"]
[Date "2012.01.27"]
[Round "1"]
[White "Pregarac, Valter"]
[Black "Mikolic, Martin"]
[Result "1-0"]
[WhiteElo "2131"]
[BlackElo "1739"]
[PlyCount "67"]
[EventDate "2012.01.27"]
[EventType "swiss"]
[EventRounds "9"]
[EventCountry "SLO"]
[SourceTitle "CBM 146 Extra"]
[Source "ChessBase"]
[SourceDate "2012.02.29"]
[SourceVersion "1"]
[SourceVersionDate "2012.02.29"]
[SourceQuality "1"]

1. d4 f5 2. c4 Nf6 3. g3 g6 4. Bg2 Bg7 5. Nc3 0-0 6. Nf3 d6 7. 0-0 Nc6 8. d5 Ne5 9. Nxe5 dxe5 10. e4 e6 11. b3 Qe7 12. a4 f4 13. Ba3 Qf7 14. Bxf8 Qxf8 15. Nb5 Qc5 16. Rc1 Bh6 17. Rc2 Bd7 18. Qe2 Rf8 19. Bf3 g5 20. g4 a6 21. Nc3 Qb6 22. Rb1 a5 23. h3 c6 24. dxc6 Bxc6 25. Rd2 Nd7 26. Nb5 Rd8 27. Rbd1 Bf8 28. Kg2 Be7 29. Rd3 Kf7 30. Qb2 Qc5 31. R1d2 Qb6 32. Qa1 Kf6 33. Qd1 Bb4 34. Rxd7 1-0

[Event "EU Union-ch op U14/16"]
[Site "Mureck"]
[Date "2011.08.11"]
[Round "9"]
[White "Skuhala, Jernej"]
[Black "Mikolic, Martin"]
[Result "1/2-1/2"]
[WhiteElo "1773"]
[BlackElo "1718"]
[PlyCount "50"]
[EventDate "2011.08.03"]
[EventType "swiss"]
[EventRounds "9"]
[EventCountry "AUT"]
[SourceTitle "CBM 144 Extra"]
[Source "ChessBase"]
[SourceDate "2011.10.28"]
[SourceVersion "1"]
[SourceVersionDate "2011.10.28"]
[SourceQuality "1"]

1. e4 d5 2. exd5 Nf6 3. Bb5+ Bd7 4. Bc4 Bf5 5. Nc3 Nbd7 6. d3 Nb6 7. Bb5+ Bd7 8. Bxd7+ Qxd7 9. Qf3 Nfxd5 10. Nxd5 Qxd5 11. Qxd5 Nxd5 12. Bd2 e6 13. 0-0-0 Bc5 14. Nh3 h6 15. Rhf1 0-0-0 16. Nf4 Nxf4 17. Bxf4 Bd6 18. Be3 Be5 19. Rfe1 Bf6 20. c3 Rd7 21. Kc2 Rhd8 22. d4 e5 23. dxe5 Rxd1 24. Rxd1 Rxd1 25. Kxd1 Bxe5 1/2-1/2

[Event "EU Union-ch op U14/16"]
[Site "Mureck"]
[Date "2011.08.10"]
[Round "8"]
[White "Mikolic, Martin"]
[Black "Tica, Sven"]
[Result "1/2-1/2"]
[WhiteElo "1718"]
[BlackElo "1687"]
[PlyCount "62"]
[EventDate "2011.08.03"]
[EventType "swiss"]
[EventRounds "9"]
[EventCountry "AUT"]
[SourceTitle "CBM 144 Extra"]
[Source "ChessBase"]
[SourceDate "2011.10.28"]
[SourceVersion "1"]
[SourceVersionDate "2011.10.28"]
[SourceQuality "1"]

1. e4 c6 2. d4 d5 3. e5 Bf5 4. Nf3 e6 5. Be2 c5 6. c3 Nc6 7. 0-0 cxd4 8. cxd4 Bb4 9. Nc3 Nge7 10. a3 Ba5 11. Nh4 0-0 12. Bg4 Bxg4 13. Qxg4 Bxc3 14. bxc3 Ng6 15. Nxg6 hxg6 16. Bg5 Qc7 17. f4 Ne7 18. Bxe7 Qxe7 19. Rf3 Rac8 20. h4 Rc4 21. Rg3 Rfc8 22. h5 Rxc3 23. hxg6 f5 24. Qh3 Qc7 25. Qh7+ Kf8 26. Qh8+ Ke7 27. Qxg7+ Kd8 28. Qf8+ Kd7 29. Qf7+ Kd8 30. Rxc3 Qxc3 31. g7 Qe3+ 1/2-1/2

[Event "EU Union-ch op U14/16"]
[Site "Mureck"]
[Date "2011.08.07"]
[Round "5"]
[White "Mikolic, Martin"]
[Black "Skuhala, Barbara"]
[Result "1/2-1/2"]
[WhiteElo "1718"]
[BlackElo "1642"]
[PlyCount "85"]
[EventDate "2011.08.03"]
[EventType "swiss"]
[EventRounds "9"]
[EventCountry "AUT"]
[SourceTitle "CBM 144 Extra"]
[Source "ChessBase"]
[SourceDate "2011.10.28"]
[SourceVersion "1"]
[SourceVersionDate "2011.10.28"]
[SourceQuality "1"]

1. e4 c5 2. c3 d6 3. d4 cxd4 4. cxd4 Nf6 5. Nc3 e6 6. Bg5 Be7 7. Rc1 Bd7 8. Bd3 Nc6 9. Nf3 0-0 10. 0-0 h6 11. Bh4 Re8 12. Nb5 a6 13. Bxf6 axb5 14. Bxe7 Nxe7 15. Qb3 Bc6 16. Bxb5 Bxb5 17. Qxb5 Rxa2 18. Qxb7 Qb8 19. Rc7 Qxb7 20. Rxb7 d5 21. exd5 Nxd5 22. Rb1 Rea8 23. g3 Ra1 24. Rxa1 Rxa1+ 25. Kg2 Rb1 26. Ne5 f6 27. Nc6 Kh7 28. Nd8 Re1 29. b4 Kg6 30. b5 f5 31. b6 Rb1 32. Nxe6 Rxb6 33. Nf8+ Kh5 34. Rxg7 Rb2 35. Ne6 Rb6 36. Nf8 Rb2 37. Rf7 Kg5 38. h4+ Kg4 39. Rg7+ Kh5 40. Rd7 Ne3+ 41. Kg1 Rb1+ 42. Kh2 Rb2 43. Kg1 1/2-1/2

[Event "Nova Gorica op-A 16th"]
[Site "Nova Gorica"]
[Date "2011.02.03"]
[Round "9"]
[White "Markoja, Sebastijan"]
[Black "Mikolic, Martin"]
[Result "1-0"]
[WhiteElo "1940"]
[BlackElo "1797"]
[PlyCount "71"]
[EventDate "2011.01.28"]
[EventType "swiss"]
[EventRounds "9"]
[EventCountry "SLO"]
[SourceTitle "CBM 140 Extra"]
[Source "ChessBase"]
[SourceDate "2011.03.01"]
[SourceVersion "1"]
[SourceVersionDate "2011.03.01"]
[SourceQuality "1"]

1. e4 d5 2. exd5 Nf6 3. Bb5+ Bd7 4. Be2 Nxd5 5. d4 Bf5 6. a3 Qd6 7. Qd2 Nf6 8. Nf3 Nc6 9. 0-0 0-0-0 10. c3 Na5 11. Qf4 e6 12. Qxd6 Bxd6 13. Nbd2 Ne4 14. Nc4 Nb3 15. Ra2 Nxc1 16. Rxc1 Bf4 17. Rd1 Ng5 18. Nxg5 Bxg5 19. b4 Rhe8 20. g3 Bf6 21. f4 Be4 22. Rad2 g5 23. Ne5 Bxe5 24. fxe5 Re7 25. Rf1 Bg6 26. Kf2 c6 27. Ke3 Kc7 28. Bc4 b5 29. Bd3 Kb6 30. Rdf2 Rdd7 31. Kd2 Bf5 32. Bc2 Bh3 33. Re1 h5 34. Bd1 h4 35. g4 Re8 36. Re3 1-0